Southville International School and Colleges
Your cart is empty.
  • Cart
  • Lists
    Public lists Eva Luna New books Lux_list list_1
    Your lists Log in to create your own lists
  • Log in to your account
  • Your cookies
  • Search history
Southville International School and Colleges
  • Advanced search
  • Recent comments
  • Most popular
  • Libraries

Log in to your account

Log in with GOOGLE


If you do not have an external account, but do have a local account, you can still log in:

  1. Home
  2. MARC view: Agriculture tourism /
Normal view MARC view ISBD view

Agriculture tourism / (Record no. 25518)

[ view plain ]
MARC details
000 -LEADER
fixed length control field 00572nam a2200217 a 4500
005 - DATE AND TIME OF LATEST TRANSACTION
control field 20140310183626.0
008 - FIXED-LENGTH DATA ELEMENTS--GENERAL INFORMATION
fixed length control field 120910s19uu xx 00 eng d
020 ## - INTERNATIONAL STANDARD BOOK NUMBER
International Standard Book Number 9788183568913
050 ## - LIBRARY OF CONGRESS CALL NUMBER
Classification number S 565.88
Item number .R188 2011
100 ## - MAIN ENTRY--PERSONAL NAME
Personal name Randall, Jack
245 ## - TITLE STATEMENT
Title Agriculture tourism /
Statement of responsibility, etc Jack Randall.
250 ## - EDITION STATEMENT
Edition statement 1st ed.
260 ## - PUBLICATION, DISTRIBUTION, ETC. (IMPRINT)
Place of publication, distribution, etc New Delhi, India : , 2011 :
Name of publisher, distributor, etc Discovery Pub. House,
Date of publication, distribution, etc 2011.
300 ## - PHYSICAL DESCRIPTION
Extent 264 p. :
Dimensions 22 cm.
500 ## - GENERAL NOTE
General note Includes index
521 ## - TARGET AUDIENCE NOTE
Target audience note
650 ## - SUBJECT ADDED ENTRY--TOPICAL TERM
Topical term or geographic name as entry element Agritourism
942 ## - ADDED ENTRY ELEMENTS (KOHA)
Koha item type Books
Source of classification or shelving scheme Library of Congress Classification
Call number prefix Foreign
Holdings
Withdrawn status Lost status Source of classification or shelving scheme Damaged status Home library Current library Shelving location Date acquired Source of acquisition Cost, normal purchase price Total Checkouts Full call number Barcode Date last seen Copy number Price effective from Koha item type Total Renewals Date checked out
    Library of Congress Classification   College Library College Library General Circulation Section 09/11/2012 Donation 1647.00   S 565.88 .R188 2011 C15721 05/15/2018 1 10/18/2013 Books    
    Library of Congress Classification   College Library College Library General Circulation Section 01/13/2014 Donation   2 S 565.88 .R188 2011 C15648 04/30/2018 2 01/13/2014 Books 12 02/14/2018

Agriculture tourism /

APA

Randall J., . (2011). Agriculture tourism. New Delhi, India : , 2011: Discovery Pub. House.

Chicago

Randall Jack, . 2011. Agriculture tourism. New Delhi, India : , 2011: Discovery Pub. House.

Harvard

Randall J., . (2011). Agriculture tourism. New Delhi, India : , 2011: Discovery Pub. House.

MLA

Randall Jack, . Agriculture tourism. New Delhi, India : , 2011: Discovery Pub. House. 2011.

  • Place hold
  • Print
  • Cite
  • Add to your cart (remove)
  • Save record
    BIBTEX Dublin Core MARCXML MARC (non-Unicode/MARC-8) MARC (Unicode/UTF-8) MARC (Unicode/UTF-8, Standard) MODS (XML) RIS
  • More searches
    Search for this title in:
    Other Libraries (WorldCat) Other Databases (Google Scholar) Online Stores (Bookfinder.com) Open Library (openlibrary.org)

Exporting to Dublin Core...

SOUTHVILLE LIBRARY

Southville International School and Colleges Library

1281 Tropical Ave. Cor. Luxembourg St., BF Homes International, Las Pinas City

Tel. No. 8256374 / 252358 Loc. 117/146

Powered by Koha